000 01160cam a2200301 a 4500
001 4888930
005 20260322054004.0
008 930720s1994 enkab b 001 0 eng
010 _a 93030782
020 _a0521453623
020 _a9780521453622
035 _a4888930
040 _aDLC
_cDLC
_dDLC
043 _aa-ii---
082 _a320.954 BRA
100 1 _aBrass, Paul R.
245 1 4 _aThe politics of India since independence /
_cPaul R. Brass.
250 _a2nd ed.
260 _aNew York :
_bCambridge University Press,
_c1994.
300 _axx, 403 p. :
_bill. ;
_c24 cm.
440 4 _aThe New Cambridge history of India ;
_vIV, 1
651 0 _aIndia
_xPolitics and government
_y1947-
856 4 1 _3Table of contents
_uhttp://www.loc.gov/catdir/toc/cam028/93030782.html
906 _a7
_bcbc
_corignew
_d1
_eocip
_f19
_gy-gencatlg
942 _2ddc
_cBK
999 _c20857
_d20857